Cómo redactar objetivos de instrucción
Guardat en:
| Autor principal: | |
|---|---|
| Format: | Llibre |
| Idioma: | espanyol |
| Publicat: |
Trillas.
1979.
|
| Matèries: | |
| Etiquetes: |
Afegir etiqueta
Sense etiquetes, Sigues el primer a etiquetar aquest registre!
|
MARC
| LEADER | 00000nam a22000005a 4500 | ||
|---|---|---|---|
| 001 | 3737 | ||
| 003 | CL-ChBUA | ||
| 005 | 20120815102834.0 | ||
| 008 | 070301s1979 mx 000 0dspa | ||
| 040 | |a CL-ChBUA |c CL-ChBUA | ||
| 082 | 0 | 0 | |a 371.3 |
| 090 | |c 3737 |d 3737 | ||
| 100 | 1 | |a Dillman, Caroline Matheny. | |
| 245 | 1 | 0 | |a Cómo redactar objetivos de instrucción |
| 260 | |b Trillas. |c 1979. | ||
| 300 | |a 152 p. |c 21 cm. | ||
| 504 | |a Bibl. | ||
| 650 | 4 | |a METODOLOGIA DE LA EDUCACION. | |
| 650 | 4 | |a METODOS DE LA ENSEÑANZA. | |
| 942 | |c LIB | ||
| 952 | |0 0 |1 0 |4 0 |7 0 |9 5516 |a UNACH |b UNACH |c 300 |d 2007-03-05 |i 20.392. |l 1 |o 371.3 / D 578. |p 6515 |r 2023-06-30 00:00:00 |s 2017-03-20 |u 5516 |w 2012-08-08 |y LIB |k 371.3 / D 578. | ||
| 999 | |c 3737 |d 3737 | ||